Patrología / (Record no. 22644)

MARC details
000 -LEADER
campo de control de longitud fija 00643nam a2200193 i 4500
001 - NÚMERO DE CONTROL
campo de control 22644
003 - IDENTIFICADOR DE NÚMERO DE CONTROL
campo de control ES-MaACL
005 - FECHA Y HORA DE LA ÚLTIMA TRANSACCIÓN
campo de control 20230906152731.0
007 - CAMPO FIJO DE DESCRIPCIÓN FÍSICA--INFORMACIÓN GENERAL
campo de control de longitud fija t|
008 - DATOS DE LONGITUD FIJA--INFORMACIÓN GENERAL
campo de control de longitud fija 021204s1962 sp ||||1| spa d
100 1# - ENTRADA PRINCIPAL--NOMBRE DE PERSONA
Nombre de persona Altaner, Berthold.
9 (RLIN) 20519
245 10 - MENCIÓN DEL TÍTULO
Título Patrología /
Mención de responsabilidad, etc. obra compuesta en alemán por Berthold Altaner ; ofrecida a los lectores de habla española por Ursicino Domínguez del Val.
250 ## - MENCION DE EDICION
Mención de edición 5ª ed., rev. y amp.
260 ## - PUBLICACIÓN, DISTRIBUCIÓN, ETC.
Lugar de publicación, distribución, etc. Madrid :
Nombre del editor, distribuidor, etc. Espasa-Calpe,
Fecha de publicación, distribución, etc. 1962.
300 ## - DESCRIPCIÓN FÍSICA
Extensión 565 p. ;
Dimensiones 25 cm.
650 ## - PUNTO DE ACCESO ADICIONAL DE MATERIA--TÉRMINO DE MATERIA
Término de materia o nombre geográfico como elemento de entrada Patrística.
9 (RLIN) 15895
700 1# - ENTRADA AGREGADA--NOMBRE PERSONAL
Nombre de persona Domínguez del Val, Ursicino.
9 (RLIN) 45205
852 ## - LOCALIZACIÓN
Ubicación ES-MaACL
Número de control de estantería C-21893
Sublocalización o colección R.50648
Holdings
Estatus retirado Estado de pérdida Estado de daño No para préstamo Biblioteca de origen Biblioteca actual Ubicación en estantería Fecha de adquisición Fuente de adquisición Total de préstamos Signatura topográfica completa Código de barras Visto por última vez Precio de reemplazo Tipo de ítem Koha
        Biblioteca del Ateneo de Madrid Biblioteca del Ateneo de Madrid Galería 17/01/2008     C-21893 1023313 23/02/2023 23/02/2023 Libro impreso